000 01431nam a2200313 c 4500
003 BLK
005 20180420233308.0
008 180409b bul|||||r ||||||| ||bul||
010 _aKNG00149130000
040 _aBLK
041 _aBUL
_cBUL
080 _aБългарска литература
_b821.163.2
_x-93-32
_z821.163.2-93-32
100 1 _aХаралампиев, Харалампи Божков
_eпърви автор
_9272269
700 1 _aСпиридонов, Симеон Димитров
_eхудож.
_9277676
139 _aХаралампиев, Харалампи Божков
_bХ 26
245 1 0 _aРадиотриноско
_bПовест за деца
_cХаралампи Божков Харалампиев; худож. Симеон Димитров Спиридонов.
257 _aBGR
260 София
_bОтечество
_c1986
300 _a96 с.
_bс цв. ил.
_c16Х24 см
380 _aDX
500 _aОфс. изд. - 45 117 тир. - Кн. е Ч. 2 на Премеждията на Триноско от същия авт., 1980.
653 _aлитература за деца
653 _aдетска литература
852 _aЦб І 35187
856 4 _qpdf
_u
856 4 _qpdf
_u
942 _cKNG
_n0
944 _aCR
_c09.08.2013
_l09.08.2013 - от С1,Р / 09.08.2013
_kЛюсиена_Милчева
944 _aED
_c15.09.2017
_l09.08.2013 - от С1,Р / 09.08.2013
_kМилена_Ачева
999 _c143026
_d143026